000 00783nam a2200265Ia 4500
003 OSt
005 20220928131328.0
006 a|||||r|||| 00| 0
007 ta
008 220927b |||||||| |||| 00| 0 eng d
020 _c2179.6799999999998
024 _a110356
037 _b246, 31/12/2010, Onkar Book Agency
_cTextual
040 _aSDCL
_cSDCL
_beng
041 _2eng
_aeng
082 _aG:6, Q1
100 _aHartl Daniel L
_9435488
245 0 _aEssential genetics
_b A genomics perspective.
250 _a5
260 _aBoston
_bJones and Bartlett Publishers
_c2011
300 _axxiv,575p.
_ccm.
650 _aPlant Molecular Biology
942 _hG:6, Q1
_cTEXL
_2CC
999 _c790256
_d790256